Tales of remarkable birds / Dominic Couzens.
Available copies
- 2 of 2 copies available at LARL/NWRL Consortium.
- 2 of 2 copies available at Lake Agassiz Regional Library. (Show preferred library)
Current holds
0 current holds with 2 total copies.
Show Only Available Copies
| Location | Call Number / Copy Notes | Barcode | Shelving Location | Status | Due Date |
|---|---|---|---|---|---|
| Moorhead Public Library | 598.15 COU (Text) | 33500012097291 | Main | Available | - |
| Moorhead Public Library | 598.15 COU (Text) | 33500012097309 | Main | Available | - |
Record details
- ISBN: 9781408190234 (hbk.)
- ISBN: 1408190230 (hbk.)
- Physical Description: 224 p. : col. ill. ; 26 cm
- Publisher: London : Bloomsbury, 2014.
Content descriptions
| General Note: | Includes index. |
Search for related items by subject
| Subject: | Birds > Behavior > Popular works. Birds > Behavior. |
| Genre: | Popular works. |
| LDR | 01160cam a2200313Ma 4500 | ||
|---|---|---|---|
| 001 | 182755 | ||
| 003 | LARL_NWRL_CONSORTIUM | ||
| 005 | 20150602114934.0 | ||
| 008 | 140325s2014 enka 001 0 eng d | ||
| 020 | . | ‡a9781408190234 (hbk.) | |
| 020 | . | ‡a1408190230 (hbk.) | |
| 035 | . | ‡a(OCoLC)880195246 | |
| 040 | . | ‡aUKMGB ‡beng ‡cUKMGB ‡dOCLCO ‡dOCLCF ‡dTOH ‡dORX ‡dYDXCP | |
| 082 | 0 | 4. | ‡a598.15 ‡223 |
| 100 | 1 | . | ‡aCouzens, Dominic, ‡eauthor. |
| 245 | 1 | 0. | ‡aTales of remarkable birds / ‡cDominic Couzens. |
| 260 | . | ‡aLondon : ‡bBloomsbury, ‡c2014. | |
| 300 | . | ‡a224 p. : ‡bcol. ill. ; ‡c26 cm | |
| 336 | . | ‡atext ‡2rdacontent | |
| 337 | . | ‡aunmediated ‡2rdamedia | |
| 338 | . | ‡avolume ‡2rdacarrier | |
| 500 | . | ‡aIncludes index. | |
| 650 | 0. | ‡aBirds ‡xBehavior ‡vPopular works. | |
| 650 | 7. | ‡aBirds ‡xBehavior. ‡2fast ‡0(LARL_NWRL_CONSORTIUM)15038 | |
| 655 | 7. | ‡aPopular works. ‡2fast | |
| 901 | . | ‡a182755 ‡bOCLC ‡c182755 ‡tbiblio | |

Add to basket
Permalink
Enable Highlighting